000 00568nam a2200193Ia 4500
005 20250508163032.0
008 008 250505s9999 xx 000 0 eng d
020 _a0-89232-149-0
037 _aTextual
040 _aFEDL
_beng
_cFEDL
041 _aeng
_2eng
084 _a372.241, ADV
_qFEDL
100 _aKilmer Sally Ed.
_9774592
245 0 _aAdvances in early education and day care: A research annual. Vol 2
260 _aLondon, UK
_bJai Press Inc
_c1981
300 _axi,250p.
942 _cTEXL
_h372.241, ADV
999 _c1380421
_d1380421